1753 1696 1821 1199 1266 1767 1168 1979 1976 1746 1806 1394 1424 1995 1959 1990 1906 1327 1457 1741 1885 1742 1573 1986 1563 1904 1954 1181 1762 1847 1617 1431 1522 1249 1285 1702 1497 1222 1164 1619 1939 1095 1822 1269 1454 1304 1953 1594 1494 1453 1833 1950 1599 1399 1379 1491 1542 1208 1864 1947 1593 1389 1986 1019 1826 1258 1628 1989 1379 1991 1406 1075 1067 1311 1761 1250 1507 1900 1622 1972 1392 1106 1438 1247 1482 1575 1720 1836 1934 1719 1404 1048 1608 1404 1869 1677 1606 1281 1878 BCNSPRNW ULIB Ver.6.0+V

เปลี่ยนเป็นภาษาไทย

Change to English
 แสดงรายละเอียดบรรณานุกรม
  กลับหน้าหลัก

Brief Record : Get Marc (ISO 2709) : E-mail record : QR code < ปิดหน้าต่าง
LEADER : 00000nam 2200000uu 4500
001    13399114012
003     ULIB
008    120125s2543||||th 000 0 tha d
020    ^a9748317501
060 04 ^aWA395^bข259ร 2543
245 00 ^aระบบสุขภาพที่คนไทยต้องการ(2) /^cบรรณาธิการ, ขวัญใจ เอมใจ,วณี ปิ่นประทีป
246 13 ^aระบบสุขภาพที่คนไทยต้องการ
246 13 ^aจุดประกายปฏิรูประบบสุขภาพ :^bระบบสุขภาพที่คนไทยต้องการ
250    ^aพิมพ์ครั้งที่ 1
260    ^aนนทบุรี :^bสำนักงานปฏิรูประบบสุขภาพแห่งชาติ,^c2543
300    ^a[6], 86 หน้า ;^c21 ซม.
500    ^aชื่อเรื่องหลังหน้าปกใน: จุดประกายปฏิรูประบบสุขภาพ :ระบบสุขภาพที่คนไทยต้องการ (2) (สรุปการสัมมนา 6 เวทีภูมิภาคเพื่อการปฏิรูประบบสุขภาพ)
591    ^aLISI มีปี 2543
653    ^aการปฏิรูประบบสุขภาพ
653    ^aระบบสุขภาพ
653    ^aนโยบายด้านสุขภาพ
700 0  ^aขวัญใจ เอมใจ,^eบรรณาธิการ
700 0  ^aวณี ปิ่นประทีป
710 2  ^aสำนักงานปฏิรูประบบสุขภาพแห่งชาติ
945    ^p0^l0^i13614
945    ^p0^l0^i12348
995    ^aกัณชพร
999    ^aใช้งานได้ทุกระบบ
รายการนี้ยังไม่มีแท็ก
คุณยังไม่ได้ล็อกอิน คุณสามารถมีกิจกรรมร่วมกับเว็บไซต์ได้ แต่ต้องล็อกอินก่อน ::
  ล็อกอิน

รายการสื่อสารสนเทศ

ลำดับที่ ประเภท เลขเรียก/บาร์โค้ด สถานที่ สถานะ
- ไม่พบข้อมูล -

BibComment


ยังไม่เคยถูกคอมเมนท์

คอมเมนท์ทรัพยากรรายการนี้
  คอมเมนท์: ระบบสุขภาพที่คนไ..


 Copyright 2026. Bcnsprnw @Library